000
00300nam a22001217a 4500
082
_a
621.3815 TUB'H
100
_a
HOWARD W. SAMS
_9
5628
245
_a
TUBE SUBSTITUTION HANDBOOK
260
_a
USA
_b
HOWARD W. SAMS
_c
1980
300
_a
128P
650
_a
TUBE SUBSTITUTION HANDBOOK
_9
74513
942
_c
BK
999
_c
580033
_d
580033